Antología de la poesía mexicana moderna /

Bibliographic Details
Other Authors: Cuesta, Jorge, 1903-1942, Sheridan, Guillermo
Format: Book
Language:Spanish
Published: México, D.F. : Fondo de Cultura Económica, 1998.
Edition:5. ed.
Series:Letras mexicanas.
Subjects:

MARC

Tag First Indicator Second Indicator Subfields
LEADER 00000cam a2200000 a 4500
001 in00001536021
005 20151022053001.0
008 000506s1998 mx b 001 0 spa c
020 |a 9681654986 
020 |a 9681620356 
035 |a (OCoLC)41243819 
040 |a ZQP  |c ZQP  |d IRU  |d IQU  |d I5B  |d TXA  |d UtOrBLW 
042 |a pcc 
043 |a n-mx--- 
049 |a TXAM 
050 4 |a PQ7251  |b .C8 1998 
092 |a 861.08 
245 0 0 |a Antología de la poesía mexicana moderna /  |c Jorge Cuesta ; presentación de Guillermo Sheridan. 
250 |a 5. ed. 
264 1 |a México, D.F. :  |b Fondo de Cultura Económica,  |c 1998. 
300 |a 276 pages ;  |c 22 cm. 
336 |a text  |b txt  |2 rdacontent 
337 |a unmediated  |b n  |2 rdamedia 
338 |a volume  |b nc  |2 rdacarrier 
490 1 |a Letras mexicanas 
504 |a Includes bibliographical references and indexes. 
650 0 |a Mexican poetry  |y 20th century. 
650 0 |a Mexican poetry  |y 19th century. 
650 0 |a Poets, Mexican  |y 20th century. 
650 0 |a Poets, Mexican  |y 19th century. 
650 0 |a Mexican literature  |x Bio-bibliography. 
700 1 |a Cuesta, Jorge,  |d 1903-1942. 
700 1 |a Sheridan, Guillermo. 
830 0 |a Letras mexicanas. 
948 |a cataloged  |b h  |c 2000/5/6  |d c  |e jlanham  |f 11:15:43 am 
994 |a E0  |b TXA 
999 |a MARS 
999 f f |s 16c2dbae-f8b8-3e18-b77b-5daa80511200  |i cde802b0-5897-3ac8-bb56-0a1f0ad78171  |t 0 
952 f f |p normal  |a Texas A&M University  |b College Station  |c Sterling C. Evans Library  |d Evans: Library Stacks  |t 0  |e PQ7251 .C8 1998  |h Library of Congress classification  |i unmediated -- volume  |m A14826030428 
998 f f |a PQ7251 .C8 1998  |t 0  |l Evans: Library Stacks